[Event "45th FIDE Chess Olympiad Open"]
[Site "Budapest, Hungary"]
[Date "2024.09.12"]
[Round "2"]
[White "Meshkovs, Nikita"]
[Black "Karimov, Alisher"]
[Result "1-0"]
[WhiteElo "2534"]
[BlackElo "2240"]
[PlyCount "95"]
[EventDate "2024.??.??"]
[WhiteTeam "Latvia"]
[BlackTeam "Tajikistan"]
[WhiteTeamCountry "LAT"]
[BlackTeamCountry "TJK"]
[WhiteClock "0:33:51"]
[BlackClock "0:07:24"]

1. d4 Nf6 2. Bg5 Ne4 3. h4 c5 4. Nd2 Nxg5 ({RR} 4... Nxd2 5. Bxd2 cxd4 6. c3 Nc6 7. cxd4 Nxd4 8. Nf3 Nxf3+ 9. exf3 e6 10. Bc3 d6 11. h5 h6 12. Qb3 a6 13. f4 b5 14. a4 Bd7 15. axb5 axb5 16. Bxb5 Rxa1+ 17. Kd2 Rxh1 18. Bxd7+ Qxd7 19. Qb8+ {0-1 Meshkovs,N (2540)-Pranav,V (2587) Titled Tue 28th May Early 2024 (7)}) ({RR} 4... Qa5 5. c3 Nxd2 6. Qxd2 h6 7. Bf4 d5 8. Nf3 e6 9. e3 Nc6 10. Bd3 Bd7 11. Ne5 cxd4 12. Nxc6 bxc6 13. exd4 c5 14. Be5 f6 15. Bg6+ Kd8 16. Bg3 cxd4 17. Qxd4 e5 18. Qd2 Bd6 19. O-O {1-0 Dourerassou,J (2422)-Galchenko,M (2438) Titled Tue 4th Jun Late 2024 (9)}) 5. d5 $146 ({RR} 5. hxg5 cxd4 6. Nb3 e5 7. Qd2 Nc6 8. O-O-O Be7 9. Nf3 d5 10. e3 dxe3 11. fxe3 Be6 12. Bb5 Qc7 13. Qc3 f6 14. g6 h6 15. Nc5 Bxc5 16. Qxc5 a6 17. Ba4 O-O-O 18. Bb3 Qa5 19. Qxa5 Nxa5 {0-1 Morilla Morilla,C-Cuevas Fernandez,M Gijon op 2002 (7)}) ({RR} 5. hxg5 cxd4 6. Ngf3 Nc6 7. Nb3 e5 8. a3 Be7 9. g6 fxg6 10. Qd3 O-O 11. e4 d6 12. Qc4+ Kh8 13. O-O-O h6 14. Be2 Bd7 15. Rh2 Rc8 16. Rdh1 Na5 17. Qd3 Nxb3+ 18. Qxb3 b5 19. Qb4 Rc5 {0-1 Nemeth,S (2046)-Goblyos,G (2168) HUN-chT2 Breyer 0506 2005 (3)}) ({RR} 5. hxg5 cxd4 6. Ngf3 Nc6 7. g6 fxg6 8. Nh4 Kf7 9. e4 e6 10. Rh3 Be7 11. Qf3+ Bf6 12. Nc4 d6 13. Bd3 e5 14. Rh2 b5 15. Nd2 Nb4 16. g4 Ke7 17. Qh3 Nxd3+ 18. cxd3 Be6 19. Ndf3 Kf7 {0-1 Subasi,C (1584)-Gozubuyukoglu,S (1821) Kemer Turkey Cup 2014 (7)}) 5... Ne6 6. dxe6 dxe6 7. h5 Nc6 8. e3 e5 9. Qf3 e6 10. O-O-O Qd5 11. Bb5 Qxf3 12. Ngxf3 f6 13. Ne4 Be7 14. Bxc6+ bxc6 15. Nd6+ Bxd6 16. Rxd6 Bd7 17. Rhd1 O-O-O 18. Nd2 Be8 19. Rxd8+ Kxd8 20. Ne4+ Kc8 21. Nxc5 Bxh5 22. Rd6 Rd8 23. Rxc6+ Kb8 24. f3 Rc8 25. Nd7+ Kb7 26. Rxe6 Rc7 27. Rd6 Be8 28. Nf8 h5 29. Ne6 Re7 30. c4 h4 31. Kd2 Kc8 32. Rd8+ Kb7 33. Nc5+ Kc7 34. Ra8 Kb6 35. b4 Bc6 36. Rb8+ Kc7 37. Na6+ Kd6 38. b5 Bb7 39. Rd8+ Ke6 40. Nc5+ Kf5 41. Rb8 e4 42. Nxb7 exf3 43. gxf3 g5 44. Nd6+ Ke5 45. Ne4 g4 46. Rh8 gxf3 47. Nf2 Rg7 48. Nd3+ 1-0

[Event "45th FIDE Chess Olympiad Open"]
[Site "Budapest, Hungary"]
[Date "2024.09.12"]
[Round "2"]
[White "Ilkhomi, Jaloliddin"]
[Black "Kantans, Toms"]
[Result "1/2-1/2"]
[WhiteElo "2227"]
[BlackElo "2486"]
[PlyCount "120"]
[EventDate "2024.??.??"]
[WhiteTeam "Tajikistan"]
[BlackTeam "Latvia"]
[WhiteTeamCountry "TJK"]
[BlackTeamCountry "LAT"]
[WhiteClock "0:25:58"]
[BlackClock "0:12:29"]

1. Nf3 Nf6 2. c4 c5 3. Nc3 Nc6 4. g3 d5 5. cxd5 Nxd5 6. Bg2 Nc7 7. O-O e5 8. d3 Be7 9. Nd2 O-O 10. Nc4 f6 11. f4 exf4 12. gxf4 ({RR} 12. Bxf4 Ne6 13. Bd2 Bd7 14. Nd5 Rb8 15. e4 b5 16. Nxe7+ Qxe7 17. Ne3 Ned4 18. Nd5 Qd6 19. Bf4 Ne5 20. Qd2 b4 21. Rac1 Rbc8 22. h3 Bb5 23. Rf2 Kh8 24. g4 Ne6 25. Bf1 Nxf4 26. Qxf4 Bc6 {½-½ Nakamura,H (2787)-Praggnanandhaa,R (2690) FIDE World Cup 2023 (4.1)}) 12... f5 ({RR} 12... Be6 13. f5 Bf7 14. Bf4 Qd7 15. Bxc7 Qxc7 16. Bd5 Bd6 17. Rf2 Be5 18. Nxe5 Qxe5 19. e4 Rad8 20. Bxf7+ Rxf7 21. Nd5 Rfd7 22. Rc1 Nb4 23. Nxb4 cxb4 24. Qb3+ Kh8 25. Qxb4 Rxd3 26. Qxb7 h6 27. Rc8 {½-½ Alienkin,A (2331)-Maerevoet,S (2436) ch-BEL 2024 Lier BEL (4.2)}) 13. Be3 Qe8 $146 ({RR} 13... Rf6 14. Rf3 Rb8 15. Rg3 Be6 16. Rc1 Qe8 17. Kh1 Rd8 18. Qg1 b6 19. Nd2 Bf8 20. Nf3 Nd5 21. Bd2 Rg6 22. Ng5 Nxc3 23. bxc3 Bd5 24. e4 fxe4 25. f5 Rf6 26. c4 Bf7 27. Bxe4 Nd4 28. Re1 {½-½ Kharitonov,E (2316)-Gritsenko,A (2319) Primorie-ch PL 2006 (3)}) ({RR} 13... Be6 14. Bf2 Nd5 15. Nxd5 Bxd5 16. Nd2 Bxg2 17. Kxg2 Qd5+ 18. Nf3 Bf6 19. Qc2 b6 20. a3 Rfe8 21. Rfe1 Qd6 22. e3 Re6 23. Bh4 Bxh4 24. Nxh4 Rae8 25. Nxf5 Qf8 26. e4 g6 27. Ne3 Qxf4 28. Qf2 {½-½ Schachinger,M (2350)-Likavsky,T (2476) AUT-chT 0910 2009 (7.5)}) ({RR} 13... Be6 14. Bf2 Nd5 15. Qd2 Nxc3 16. Qxc3 Nd4 17. Rae1 b5 18. Ne5 b4 19. Qc1 Bd5 20. Bxd5+ Qxd5 21. b3 Bd6 22. e4 fxe4 23. dxe4 Qe6 24. Bxd4 cxd4 25. Nd3 Rac8 26. Qd1 Rc3 27. Kh1 Be7 28. f5 {1-0 Wieczorek,O (2284)-Cichy,K (1983) POL-chT U19 43th 2012 (7)}) 14. Ne5 Nxe5 15. fxe5 Be6 16. Bxb7 Rb8 17. Bg2 Rxb2 18. Na4 Rb5 19. Qc2 Nd5 20. Bd2 Nb4 21. Bxb4 cxb4 22. d4 Ra5 23. Nc5 Bxc5 24. dxc5 Qb8 25. c6 Qxe5 26. Qb1 Qd4+ 27. Kh1 Bd5 28. Qd3 Qxd3 29. exd3 Rc8 30. Bxd5+ Rxd5 31. Rac1 Rc7 32. Rc4 a5 33. d4 Kf7 34. Re1 g6 35. Kg2 Kf6 36. Kf3 Rd6 37. Rec1 Ke6 38. Ke3 Rd5 39. Rc5 a4 40. Kd3 Rxc5 41. Rxc5 Kd6 42. Rb5 Rxc6 43. Rxb4 Rc1 44. Rxa4 Rh1 45. Ra6+ Kd5 46. Ra5+ Kc6 47. Rc5+ Kd6 48. Rc2 Rf1 49. Ke3 g5 50. a4 f4+ 51. Ke4 f3 52. a5 g4 53. a6 Ra1 54. Kf4 h5 55. h3 Kd5 56. hxg4 hxg4 57. Rf2 Rxa6 58. Kxg4 Ke4 59. Rxf3 Rg6+ 60. Kh5 Kxf3 1/2-1/2

[Event "45th FIDE Chess Olympiad Open"]
[Site "Budapest, Hungary"]
[Date "2024.09.12"]
[Round "2"]
[White "Starostits, Ilmars"]
[Black "Kabilov, Amin"]
[Result "1/2-1/2"]
[WhiteElo "2344"]
[BlackElo "2212"]
[PlyCount "100"]
[EventDate "2024.??.??"]
[WhiteTeam "Latvia"]
[BlackTeam "Tajikistan"]
[WhiteTeamCountry "LAT"]
[BlackTeamCountry "TJK"]
[WhiteClock "0:13:38"]
[BlackClock "0:05:49"]

1. d4 Nf6 2. Nf3 g6 3. Nc3 d5 4. Bf4 Bg7 5. e3 O-O 6. Be2 c5 7. O-O cxd4 8. exd4 Nc6 9. Ne5 Nd7 10. Nf3 Nf6 11. Re1 Ne4 12. Bb5 Nxc3 13. bxc3 Bd7 14. Rb1 $146 ({RR} 14. Qd2 Na5 15. Bd3 Rc8 16. Ne5 f6 17. Nxd7 Qxd7 18. Bh6 Nc4 19. Qc1 e5 20. Bxg7 Qxg7 21. Bxc4 Rxc4 22. dxe5 fxe5 23. Qe3 e4 24. Qxa7 Rxc3 25. Qa5 Qd4 26. Rf1 Rxc2 27. Qe1 Rfxf2 28. Rxf2 Rxf2 {0-1 Narciso Dublan,M (2484)-Barrientos Chavarriaga,S (2399) Barcelona Sants op 06th 2004 (10)}) 14... Rc8 15. Qd2 Na5 16. Bd3 b6 17. Ba6 Rc6 18. Ne5 Re6 19. h4 Bc8 20. Bd3 Nc6 21. Nf3 Rxe1+ 22. Rxe1 Re8 23. h5 Bg4 24. hxg6 hxg6 25. Bb5 Qc8 26. Ne5 Nxe5 27. Bxe5 Bd7 28. Bd3 Bf5 29. Bb5 Bd7 30. Bf1 Qc6 31. Bd3 Bxe5 32. Rxe5 Kg7 33. Qe3 Qd6 34. Qg5 Bc6 35. Re3 Qf6 36. Qg3 Rc8 37. Ba6 Rd8 38. Qc7 Rd7 39. Qc8 Qd6 40. Bd3 Bb7 41. Qe8 Bc6 42. Qc8 Bb7 43. Qe8 Rc7 44. Rf3 e6 45. Qa4 Bc6 46. Qb3 e5 47. dxe5 Qxe5 48. Re3 Qg5 49. Qb4 Rc8 50. Qd4+ Qf6 1/2-1/2

[Event "45th FIDE Chess Olympiad Open"]
[Site "Budapest, Hungary"]
[Date "2024.09.12"]
[Round "2"]
[White "Gazik, Viktor"]
[Black "Susilodinata, Andrean"]
[Result "1-0"]
[WhiteElo "2561"]
[BlackElo "2393"]
[PlyCount "81"]
[EventDate "2024.??.??"]
[WhiteTeam "Slovakia"]
[BlackTeam "Indonesia"]
[WhiteTeamCountry "SVK"]
[BlackTeamCountry "INA"]
[WhiteClock "0:00:35"]
[BlackClock "0:02:11"]

1. e4 c6 2. Nf3 d5 3. e5 Bf5 4. Nh4 Bd7 ({RR} 4... Nh6 5. d4 e6 6. Nf3 c5 7. Be2 Nc6 8. O-O Bg6 9. Nbd2 Nf5 10. dxc5 Bxc5 11. Nb3 Bb6 12. Bg5 Qc7 13. Re1 O-O 14. Bf1 Bh5 15. Qd3 Bxf3 16. Qxf3 Nxe5 17. Qh3 Nc4 18. Rab1 h6 19. Bc1 {0-1 Mamedov,R (2636)-Eljanov,P (2694) Julius Baer Play-In Match 2023 (1.2)}) 5. Nf3 $146 ({RR} 5. d4 c5 6. c3 Nc6 7. Na3 cxd4 8. cxd4 Qb6 9. Nc2 Nb4 10. Ne3 e6 11. a3 Nc6 12. Nf3 a5 13. b3 a4 14. bxa4 Qa5+ 15. Bd2 Qxa4 16. Nc2 Na5 17. Rb1 b5 18. Bb4 Nc4 19. Bd3 h6 {1-0 Nestorovic,N (2482)-Scheftlein,R (2326) 2nd Bundesliga Ost 23-24 2023 (10.4)}) ({RR} 5. d4 e6 6. Qg4 h5 7. Qg3 Nh6 8. Bd3 Nf5 9. Bxf5 exf5 10. Qf4 g6 11. Nf3 Bh6 12. Ng5 Qe7 13. O-O Na6 14. Bd2 Nc7 15. Qg3 O-O-O 16. h4 Ne6 17. Nxe6 Bxe6 18. Bxh6 Rxh6 19. Qe3 Rh7 {½-½ Christensen,L (1992)-Andersen,B (1860) Faxe EMT 2010 (6)}) ({RR} 5. d4 c5 6. dxc5 e6 7. Nf3 Bxc5 8. Bd3 Nc6 9. O-O Nge7 10. Re1 Ng6 11. c3 O-O 12. b4 Bb6 13. Bg5 Qc7 14. Bxg6 hxg6 15. Nbd2 d4 16. Rc1 dxc3 17. Rxc3 Qb8 18. Ne4 Bc8 19. Nf6+ gxf6 {1-0 Dominguez Perez,L (2739)-Sourath,B (2305) AimChess Rapid Play-In 2023 (3.52)}) 5... c5 6. c4 d4 7. g3 Nc6 8. Bg2 Bg4 9. Qe2 d3 10. Qe3 g6 11. Na3 Rc8 12. Ng5 Bh6 13. f3 Bxg5 14. Qxg5 Be6 15. b3 Qd4 16. Rb1 Qxe5+ 17. Qxe5 Nxe5 18. Bb2 f6 19. Kf2 Nc6 20. Rhe1 Bf5 21. Nb5 Rd8 22. f4 Kf7 23. Ba3 a6 24. Nc3 Nb4 25. Bxb7 Rb8 26. Bf3 Nc2 27. Bxc5 Nxe1 28. Rxe1 h5 29. b4 e6 30. b5 Rc8 31. Bd6 Ne7 32. bxa6 Nc6 33. Rb1 Rhd8 34. c5 e5 35. Bd5+ Ke8 36. fxe5 fxe5 37. Rb7 Rd7 38. Ne4 Kd8 39. Nf6 Ne7 40. Rxd7+ Bxd7 41. Bxe7+ 1-0

[Event "45th FIDE Chess Olympiad Open"]
[Site "Budapest, Hungary"]
[Date "2024.09.12"]
[Round "2"]
[White "Cahaya, Satria Duta"]
[Black "Sahidi, Samir"]
[Result "1-0"]
[WhiteElo "2219"]
[BlackElo "2474"]
[PlyCount "125"]
[EventDate "2024.??.??"]
[WhiteTeam "Indonesia"]
[BlackTeam "Slovakia"]
[WhiteTeamCountry "INA"]
[BlackTeamCountry "SVK"]
[WhiteClock "0:08:30"]
[BlackClock "0:09:24"]

1. e4 e5 2. Nf3 Nc6 3. Bc4 Nf6 4. d3 Bc5 5. O-O d6 6. c3 a6 7. Bb3 Ba7 8. Re1 h6 9. Nbd2 O-O 10. h3 Be6 11. Bc2 Re8 12. Nf1 d5 13. exd5 Bxd5 14. Ng3 Qd7 15. Nh4 Rad8 16. Nhf5 Kh8 $146 ({RR} 16... Ne7 17. Rxe5 Nxf5 18. Rxf5 Qe6 19. Bd2 g6 20. Rf4 c5 21. Rh4 h5 22. Bg5 Rd7 23. Bb3 Bxb3 24. axb3 Qc6 25. Bxf6 Qxf6 26. Re4 Red8 27. Re3 Bb8 28. Ne4 Qc6 29. Qe2 Kg7 30. Re1 b6 31. g3 {½-½ Kadric,D (2562)-Abramovic,B (2422) SRB Central-ch op-A 9th 2016 (4)}) ({RR} 16... Be6 17. Qf3 Bd5 18. Nxh6+ Kh7 19. Ne4 Nxe4 20. dxe4 Be6 21. Nf5 g6 22. Bg5 gxf5 23. exf5 Bd5 24. Qh5+ Kg7 25. f6+ Kg8 26. Qh7+ Kf8 27. Bh6# {1-0 Leiva,G (2394)-Luo,T (2316) Titled Tue 2nd Jul Early 2024 (4)}) ({RR} 16... Ne7 17. Rxe5 Nxf5 18. Rxf5 Qe7 19. Bf4 Be6 20. Re5 Nd5 21. Qf3 Nxf4 22. Qxf4 c6 23. Re2 Bb8 24. Qf3 Qd7 25. d4 Bc4 26. Ree1 Bxg3 27. Qxg3 c5 28. Rxe8+ Qxe8 29. b3 Qe2 30. Rc1 cxd4 31. Qc7 {1-0 Kadric,D (2562)-Lazic,M (2476) BIH-chT 15th 2016 (8.2)}) ({RR} 16... Be6 17. Qf3 Bd5 18. Nxh6+ gxh6 19. Qxf6 Re6 20. Nh5 Rxf6 21. Nxf6+ Kg7 22. Nxd7 Rxd7 23. Be3 Bxe3 24. fxe3 Rd6 25. Rf1 Rg6 26. Rf2 Rg3 27. e4 Be6 28. a3 Ne7 29. Re1 h5 30. Kh2 h4 31. d4 {1-0 Michelakos,P (2101)-Bellos,I (1945) GRE-ch U18/20 2011 (5)}) 17. Qd2 Ng8 18. Qe2 Re6 19. Be3 Bxe3 20. fxe3 Nce7 21. e4 Bc6 22. Qe3 Nxf5 23. Nxf5 Ne7 24. Ng3 Ba4 25. Bxa4 Qxa4 26. Red1 Red6 27. Rd2 b6 28. Qf3 f6 29. Nh5 Qe8 30. Rad1 c5 31. Kh2 Qf7 32. a3 a5 33. g4 Ng6 34. Ng3 Nf4 35. Nf5 R6d7 36. d4 cxd4 37. cxd4 g6 38. Ng3 Rc7 39. Qe3 Rb8 40. Ne2 g5 41. dxe5 fxe5 42. Ng3 a4 43. Rd6 Qb3 44. Rxh6+ Kg8 45. Qxb3+ axb3 46. Nf5 Rh7 47. Rxh7 Kxh7 48. Rd7+ Kh8 49. Nd6 Kg8 50. Kg3 b5 51. Nf5 Kh8 52. Ne7 Rf8 53. Nd5 Nd3 54. Nf6 Rxf6 55. Rxd3 Rf4 56. Rxb3 Rxe4 57. Rxb5 Re3+ 58. Kg2 Kg7 59. a4 Kf7 60. a5 Re1 61. Kf2 Rb1 62. b4 Ke6 63. a6 1-0

[Event "45th FIDE Chess Olympiad Open"]
[Site "Budapest, Hungary"]
[Date "2024.09.12"]
[Round "2"]
[White "Druska, Juraj"]
[Black "Ulhaq, Zacky Dhia"]
[Result "1-0"]
[WhiteElo "2441"]
[BlackElo "2203"]
[PlyCount "71"]
[EventDate "2024.??.??"]
[WhiteTeam "Slovakia"]
[BlackTeam "Indonesia"]
[WhiteTeamCountry "SVK"]
[BlackTeamCountry "INA"]
[WhiteClock "0:01:57"]
[BlackClock "0:00:59"]

1. e4 e5 2. Nf3 Nc6 3. Bb5 a6 4. Ba4 Nf6 5. O-O Be7 6. d3 b5 7. Bb3 d6 8. Bd2 O-O 9. h3 h6 10. Re1 Bd7 ({RR} 10... Re8 11. a3 Bf8 12. Nc3 Rb8 13. Ba2 Ne7 14. Nh4 g5 15. Nf3 Ng6 16. Nh2 c6 17. Ne2 d5 18. Ng3 dxe4 19. dxe4 Rb7 20. Qf3 Nf4 21. Rad1 Rd7 22. Be3 Rxd1 23. Rxd1 Qe7 24. Ng4 Nxg4 25. hxg4 {1-0 Carlsen,M (2872)-Vitiugov,N (2747) Tata Steel-A 82nd 2020 (8)}) ({RR} 10... Re8 11. a3 Bf8 12. Nc3 Ne7 13. a4 Bd7 14. Ne2 Ng6 15. Ng3 c5 16. c3 Qc8 17. Kh2 c4 18. dxc4 bxc4 19. Bc2 Rb8 20. Bc1 Nf4 21. Ng1 Qc5 22. Be3 Qc6 23. Rb1 g6 24. Qf3 Bg7 25. Red1 {½-½ Schwabeneder,F (2405)-Balint,P (2342) ch-AUT Blitz 2024 (4.3)}) 11. a3 $146 ({RR} 11. c3 Na5 12. Bc2 c5 13. d4 Nc4 14. Bc1 cxd4 15. cxd4 Qc7 16. d5 Rfc8 17. Bd3 Kh7 18. Nbd2 g6 19. b3 Nb6 20. Bb2 Nh5 21. Rc1 Qb7 22. Rxc8 Rxc8 23. Qb1 Nf4 24. Bf1 Bf6 25. Rc1 Rf8 {0-1 Ronka,E (2273)-Kim,Y (2304) Titled Tue 1st Aug Early 2023 (3)}) 11... Qc8 12. Nc3 Na5 13. Ba2 c5 14. b4 Nb7 15. Nd5 Nxd5 16. Bxd5 Bc6 17. Bb3 Kh8 18. g4 a5 19. c3 a4 20. Ba2 f5 21. gxf5 Rxf5 22. exf5 Qxf5 23. Nh2 Rf8 24. f3 c4 25. Re4 cxd3 26. Qf1 Bg5 27. Qg2 Bxd2 28. Qxd2 Bxe4 29. fxe4 Qxe4 30. Rf1 Rf4 31. Rxf4 exf4 32. Bb1 Qg6+ 33. Kf1 f3 34. Nxf3 Qf5 35. Qxd3 Qxh3+ 36. Kf2 1-0

[Event "45th FIDE Chess Olympiad Open"]
[Site "Budapest, Hungary"]
[Date "2024.09.12"]
[Round "2"]
[White "Mariano, Fabian Glen"]
[Black "Kostolansky, Sebastian Lukas"]
[Result "0-1"]
[WhiteElo "2121"]
[BlackElo "2405"]
[PlyCount "48"]
[EventDate "2024.??.??"]
[WhiteTeam "Indonesia"]
[BlackTeam "Slovakia"]
[WhiteTeamCountry "INA"]
[BlackTeamCountry "SVK"]
[WhiteClock "0:03:01"]
[BlackClock "0:14:35"]

1. e4 c5 2. Nf3 e6 3. d4 cxd4 4. Nxd4 Nc6 5. Nc3 Qc7 6. Be3 a6 7. Qf3 Bd6 8. O-O-O Be5 9. g3 Nge7 10. Qe2 b5 11. Nxc6 $146 ({RR} 11. Qd2 O-O 12. Nxc6 Qxc6 13. Bg2 Bb7 14. Qxd7 Rfc8 15. Qxc6 Bxc6 16. Bd4 Ng6 17. f4 Bxd4 18. Rxd4 e5 19. fxe5 Nxe5 20. Nd5 Ra7 21. Rhd1 Kf8 22. Nb4 Bd7 23. Nd3 Nc4 24. Rxd7 Rxd7 25. Bh3 Rdc7 {1-0 Karavade,E (2384)-Tanriverdi,E (2194) Zadar op-A 2017 (2)}) ({RR} 11. f4 Bxd4 12. Bxd4 Nxd4 13. Rxd4 Rb8 14. Qd2 b4 15. Na4 a5 16. Rc4 Qa7 17. Bg2 d5 18. exd5 exd5 19. Qd4 Qxd4 20. Rxd4 Be6 21. Re1 O-O 22. Nc5 Rb6 23. Nd7 Bxd7 24. Rxe7 Be6 25. Rc7 Rd8 {1-0 Ponomariov,R (2692)-Saric,I (2632) ESP-ch rapid 2017 (4)}) ({RR} 11. f4 Nxd4 12. Bxd4 Bxd4 13. Rxd4 Bb7 14. Bg2 O-O 15. Qd2 Bc6 16. Rd1 Qb7 17. Nd5 Ng6 18. Nb4 e5 19. Rd6 exf4 20. Nxc6 dxc6 21. gxf4 Qe7 22. e5 Qh4 23. Bxc6 Rac8 24. Bd7 Rc4 25. e6 Rxf4 {1-0 Kosakowski,J (2479)-Niemann,H (2667) World Blitz 2023 (9.5)}) ({RR} 11. f4 Bxd4 12. Bxd4 b4 13. Na4 Nxd4 14. Rxd4 a5 15. Qc4 Ra7 16. Qxc7 Rxc7 17. Bb5 O-O 18. Nb6 d5 19. exd5 exd5 20. Nxc8 Rfxc8 21. Ba4 g6 22. Re1 h5 23. Re2 Kg7 24. Rd3 Kf6 25. Bb3 Rd8 {0-1 Papakonstantinou,D (2333)-Kalogeris,I (2319) Thessaloniki Team Cup 2018 (1.1)}) 11... Qxc6 12. Bd4 Bxd4 13. Rxd4 Qc5 14. Rd2 Bb7 15. Bg2 b4 16. Nd1 Bc6 17. Ne3 O-O 18. Qd3 Qa5 19. Kb1 Bb5 20. Nc4 Bxc4 21. Qxc4 b3 22. Rd3 Qxa2+ 23. Kc1 Rab8 24. c3 Rfc8 0-1

[Event "45th FIDE Chess Olympiad Open"]
[Site "Budapest, Hungary"]
[Date "2024.09.12"]
[Round "2"]
[White "Laohawirapap, Prin"]
[Black "Garcia Pantoja, Roberto"]
[Result "1-0"]
[WhiteElo "2380"]
[BlackElo "2550"]
[PlyCount "135"]
[EventDate "2024.??.??"]
[WhiteTeam "Thailand"]
[BlackTeam "Colombia"]
[WhiteTeamCountry "THA"]
[BlackTeamCountry "COL"]
[WhiteClock "0:02:29"]
[BlackClock "0:03:58"]

1. e4 e6 2. d4 d5 3. Nd2 Be7 4. Ngf3 Nf6 5. e5 Nfd7 6. Bd3 c5 7. c3 Nc6 8. O-O a5 9. a4 O-O ({RR} 9... g5 10. dxc5 g4 11. Nd4 Ncxe5 12. Bb5 Bxc5 13. N2b3 Bd6 14. f4 gxf3 15. Nxf3 Ng6 16. Ng5 f5 17. Nd4 O-O 18. Ndxe6 Qb6+ 19. Kh1 Re8 20. Qxd5 Nf6 21. Qxf5 Bxe6 22. Nxe6 Rf8 23. Nxf8 Rxf8 24. Bh6 {1-0 Vachier Lagrave,M (2758)-Williams,S (2455) Titled Tuesday intern op 6th Oct blitz 2015 (3)}) 10. Re1 f6 11. Qc2 $146 ({RR} 11. exf6 Nxf6 12. Ng5 cxd4 13. Nxe6 Bxe6 14. Rxe6 dxc3 15. bxc3 d4 16. cxd4 Qxd4 17. Nb3 Qh4 18. g3 Qh3 19. Bc4 Kh8 20. Qe2 Ng4 21. f4 Rac8 22. Be3 Bf6 23. Rd1 g5 24. fxg5 Be5 25. Bf4 Bg7 {1-0 Seemann,J (2417)-Klimkowski,J (2520) World Youth Open U16 2023 (7.1)}) ({RR} 11. exf6 Nxf6 12. Ng5 cxd4 13. Nxe6 Bxe6 14. Rxe6 dxc3 15. bxc3 Bc5 16. Nf1 Ne4 17. Be3 Bxe3 18. Nxe3 Ng5 19. Qh5 Rf7 20. Rd1 Nxe6 21. Bxh7+ Kf8 22. Bg6 Nf4 23. Qh8+ Ke7 24. Qh4+ Kf8 25. Qh8+ Ke7 {0-1 Semenova,E (2278)-Grebnev,A (2457) Cheliabinsk Lozovatsky Memorial-A 2022 (5)}) ({RR} 11. exf6 Nxf6 12. Nf1 cxd4 13. cxd4 Qb6 14. Ng3 Ng4 15. Be3 e5 16. dxe5 Nxe3 17. Rxe3 Bc5 18. Bxh7+ Kh8 19. Rb3 Nb4 20. Ng5 Bxf2+ 21. Kh1 Qh6 22. Qc1 Bg4 23. e6 Bxe6 24. Nxe6 Qxe6 25. Bf5 Qh6 {½-½ Tschernatsch,J (2319)-Wachinger,N (2446) 94th ch-GER 2023 (4.13)}) 11... f5 12. dxc5 Qc7 13. Nb3 Ndxe5 14. Nxe5 Nxe5 15. h3 Nxd3 16. Qxd3 Bxc5 17. Nxc5 Qxc5 18. Bf4 Bd7 19. h4 Rf6 20. h5 Rc8 21. Bg5 Rf7 22. Qg3 Qc4 23. Bf4 h6 24. Re3 Kh8 25. Ra3 Rcf8 26. b3 Qc6 27. Ra1 Qb6 28. Ra3 d4 29. cxd4 Qxd4 30. Re1 Bc6 31. Raa1 Bd5 32. Rac1 Qf6 33. Rc5 Kh7 34. Rec1 Rd7 35. Rc7 Rfd8 36. Rxd7 Rxd7 37. Qe3 Qh4 38. Rc7 Rxc7 39. Bxc7 Qxh5 40. f3 Qe8 41. Bxa5 Qc6 42. Bd2 Qc2 43. Bc3 Qd1+ 44. Kh2 Bxb3 45. Bd4 Kg6 46. Qe5 Kf7 47. Qc7+ Ke8 48. Qc8+ Ke7 49. Qxb7+ Kd6 50. Qb6+ Kd7 51. Be5 Ke8 52. Bd6 Qe1 53. Bg3 Qc3 54. Qb8+ Kf7 55. Be5 Qc4 56. Qb7+ Ke8 57. Qa8+ Kf7 58. f4 Bxa4 59. Qb7+ Ke8 60. Qxg7 Kd8 61. Qb7 Bd7 62. Qb8+ Qc8 63. Bf6+ Ke8 64. Qd6 Kf7 65. Qe7+ Kg6 66. Qg7+ Kh5 67. g4+ fxg4 68. Qf7# 1-0

[Event "45th FIDE Chess Olympiad Open"]
[Site "Budapest, Hungary"]
[Date "2024.09.12"]
[Round "2"]
[White "Cardoso Cardoso, Jose Gabriel"]
[Black "Kulpruethanon, Thanadon"]
[Result "1-0"]
[WhiteElo "2508"]
[BlackElo "2286"]
[PlyCount "87"]
[EventDate "2024.??.??"]
[WhiteTeam "Colombia"]
[BlackTeam "Thailand"]
[WhiteTeamCountry "COL"]
[BlackTeamCountry "THA"]
[WhiteClock "0:30:12"]
[BlackClock "0:31:08"]

1. e4 c5 2. Nf3 Nc6 3. d4 cxd4 4. Nxd4 g6 5. c4 Nf6 6. Nc3 d6 7. Be2 Nxd4 8. Qxd4 Bg7 9. O-O O-O 10. Qd3 a6 11. Be3 ({RR} 11. Bg5 Be6 12. b3 Nd7 13. Qe3 Re8 14. Rac1 Qa5 15. Kh1 f6 16. Bh4 Rac8 17. f4 Bh6 18. Nd5 Bxd5 19. exd5 Nf8 20. Qc3 Qxc3 21. Rxc3 Nd7 22. Re3 a5 23. Be1 a4 24. bxa4 Ra8 25. a5 Bf8 {1-0 Firouzja,A (2777)-Mamedov,R (2640) FIDE Grand Swiss 2023 (2.18)}) 11... Bd7 12. Rfd1 b5 $146 ({RR} 12... Bc6 13. f3 Nd7 14. Qc2 Qa5 15. Nd5 Bxd5 16. Rxd5 Qc7 17. Rc1 Rfc8 18. Qb1 a5 19. b3 Nc5 20. g3 Qb6 21. Rcd1 Qb4 22. Bd2 Qb6 23. Be3 Qb4 24. Bd2 Qb6 {½-½ Samusenko,M (2426)-Zvjaginsev,V (2574) Aeroflot Open A 2024 (5.17)}) 13. cxb5 axb5 14. Nxb5 Bxb5 15. Qxb5 Rb8 16. Qc4 Rxb2 17. Bd4 Rb8 18. a4 Qa5 19. e5 Ne4 20. e6 Rb4 21. exf7+ Kh8 22. Bxg7+ Kxg7 23. Qc2 Rxf7 24. Bf3 Ng5 25. Bd5 Rf5 26. Qc3+ e5 27. h4 Nf7 28. g3 Rxf2 29. Rab1 Qa7 30. Qxb4 Rb2+ 31. Kh1 Rxb4 32. Rxb4 Nd8 33. Bg2 Qc5 34. Rb5 Qa3 35. Kh2 Qxa4 36. Rbb1 Ne6 37. Rxd6 Nc5 38. Rd5 Qc2 39. Rb5 Nd3 40. Rb7+ Kf6 41. Rd6+ Kf5 42. Rf7+ Kg4 43. Rxd3 Qxd3 44. Bh3+ 1-0

[Event "45th FIDE Chess Olympiad Open"]
[Site "Budapest, Hungary"]
[Date "2024.09.12"]
[Round "2"]
[White "Bodemar, Jonathan"]
[Black "Avila Pavas, Santiago"]
[Result "0-1"]
[WhiteElo "2195"]
[BlackElo "2485"]
[PlyCount "100"]
[EventDate "2024.??.??"]
[WhiteTeam "Thailand"]
[BlackTeam "Colombia"]
[WhiteTeamCountry "THA"]
[BlackTeamCountry "COL"]
[WhiteClock "0:06:44"]
[BlackClock "0:23:05"]

1. e4 c5 2. Nf3 d6 3. d4 cxd4 4. Nxd4 Nf6 5. Nc3 Nc6 6. f3 e5 7. Nb3 Be7 8. Be3 Be6 9. Qd2 d5 10. exd5 Nxd5 11. Nxd5 Qxd5 12. Qxd5 Bxd5 13. O-O-O O-O-O 14. Bb5 Kb8 15. c4 Be6 16. Bxc6 bxc6 17. Na5 Kc7 $146 ({RR} 17... Rc8 18. b3 Bb4 19. Bd2 Ba3+ 20. Kc2 Bf5+ 21. Kc3 Bc5 22. b4 Bd4+ 23. Kb3 c5 24. b5 Bd7 25. Rhe1 a6 26. a4 Ka7 27. Bc3 Kb6 28. Bd2 Ra8 29. Nc6 Bxc6 30. bxc6 Kxc6 31. f4 Rab8+ 32. Kc2 {1-0 Su,D (1922)-De Boer,B (2216) Titled Tue 14th Nov Late 2023 (4)}) 18. a3 c5 19. Kc2 Bf5+ 20. Kc3 Rd4 21. b4 Rb8 22. b5 Bd7 23. Bxd4 cxd4+ 24. Kb2 a6 25. a4 Bb4 26. Nb3 axb5 27. cxb5 Ra8 28. Rc1+ Kb6 29. Rc4 Rxa4 30. Nc5 Bc3+ 31. Kb3 Rxc4 32. Kxc4 Bxb5+ 33. Kd5 Bb4 34. Ne4 f6 35. Rb1 Ka5 36. Nd6 Bxd6 37. Kxd6 Be2 38. Kd5 d3 39. Rb2 Ka4 40. Ke4 Ka3 41. Rd2 Kb3 42. g3 Kc3 43. Ke3 f5 44. Ra2 f4+ 45. gxf4 exf4+ 46. Kf2 Bd1 47. Ra7 d2 48. Rc7+ Kb2 49. Rb7+ Bb3 50. Ke2 d1=Q+ 0-1

[Event "45th FIDE Chess Olympiad Open"]
[Site "Budapest, Hungary"]
[Date "2024.09.12"]
[Round "2"]
[White "Valderrama Quiceno, Esteban Alb"]
[Black "Arunnuntapanich, Tinnakrit"]
[Result "1-0"]
[WhiteElo "2418"]
[BlackElo "2064"]
[PlyCount "81"]
[EventDate "2024.??.??"]
[WhiteTeam "Colombia"]
[BlackTeam "Thailand"]
[WhiteTeamCountry "COL"]
[BlackTeamCountry "THA"]
[WhiteClock "0:03:38"]
[BlackClock "0:01:58"]

1. c4 Nf6 2. Nc3 c5 3. Nf3 Nc6 4. d4 cxd4 5. Nxd4 g6 6. Nc2 Bg7 7. e4 d6 8. Be2 b6 9. O-O O-O 10. Be3 Bb7 11. Qd2 Rc8 12. f3 Qc7 13. Rac1 Qb8 14. Rfd1 Rfd8 15. Bg5 Re8 16. Nd5 $146 ({RR} 16. Bf1 Ne5 17. b3 Ned7 18. Ne3 a6 19. Kh1 Bc6 20. Ned5 Qb7 21. Be3 Bxd5 22. cxd5 b5 23. Ne2 Nc5 24. Nd4 Nfd7 25. Nc6 Ne5 26. Na5 Qa8 27. Rc2 Nb7 28. Rdc1 Rxc2 29. Rxc2 Rc8 30. Nc6 Nxc6 {1-0 Hauchard,A (2497)-Lopez,J (2306) FRA-chT2 West 0809 2008 (7.2)}) 16... Nd7 17. b4 Bf8 18. Nce3 h6 19. Bh4 g5 20. Bg3 e6 21. Nc3 Nde5 22. a3 Red8 23. f4 gxf4 24. Bxf4 a6 25. Ng4 Nxg4 26. Bxg4 Kh7 27. Qf2 Bg7 28. Bh5 Rd7 29. Na4 Rf8 30. Nxb6 Rdd8 31. c5 e5 32. Be3 Nd4 33. Bxd4 exd4 34. c6 Ba8 35. Nd7 Rxd7 36. Qf5+ Kh8 37. cxd7 Bb7 38. Bg4 Qd8 39. Rc8 Qe7 40. Rxf8+ Bxf8 41. Rf1 1-0